10 państw z największym procentem wegetarian - Statystyki

Ogólne statystyki
  • Ten quiz został rozwiązany 47 razy
  • Średni wynik to 4 z 9
Statystyki odpowiedzi
Wegetarian Państwo % Poprawnych
7,3% Wielka Brytania
69%
8,7% Niemcy
67%
5,9% Szwecja
62%
38,1% Indie
60%
10,3% Włochy
52%
9,1% Austria
50%
6,8% Irlandia
45%
13,4% Izrael
17%
12,0% Tajwan
2%
Nie znaleziono quizów pasujących do podanych kryteriów
Rozkład punktacji
Procent ludzi z każdym wynikiem
Percentyl według liczby udzielonych odpowiedzi
Twoja historia wyników
Nie rozwiązałeś tego quizu